| 000 | 00773nam a2200181 i 4500 | ||
|---|---|---|---|
| 001 | 43793 | ||
| 003 | ES-MaACL | ||
| 005 | 20230906160857.0 | ||
| 007 | t| | ||
| 008 | 030318s1971 sp a c |||| | spa d | ||
| 110 | 2 |
_aFeria Oficial Monográfica Internacional de Equipo de Oficina y de la Informática ( _n11ª. _d1971. _cMadrid) _9200609 |
|
| 245 | 1 | 0 |
_aCatálogo de material de oficina / _c11 S.I.M.O., Feria de Muestras Monográfica Internacional del Equipo de Oficina y de la Informática, Madrid, noviembre 1971. |
| 260 |
_a[Madrid : _bCentro de la Informática, Técnica y Material Administrativos, _c1971] |
||
| 300 |
_a1162 p. : _bil. ; _c24 cm. |
||
| 650 | 4 |
_aOficinas- _xMaterial y equipo- _vCatálogos. _9169722 |
|
| 852 |
_aES-MaACL _jC-42202 |
||
| 999 |
_c43793 _d43793 |
||